Operations Research: Theory and Applications (Record no. 4816)

MARC details
005 - DATE AND TIME OF LATEST TRANSACTION
control field 20250624103358.0
020 ## - INTERNATIONAL STANDARD BOOK NUMBER
International Standard Book Number 0333-93920-4
082 ## - DEWEY DECIMAL CLASSIFICATION NUMBER
Classification number 658.4034SHA
100 ## - MAIN ENTRY--PERSONAL NAME
Author name SHARMA. J. K.
245 ## - TITLE STATEMENT
Title Operations Research: Theory and Applications
250 ## - EDITION STATEMENT
Edition statement 2nd Ed.
260 ## - PUBLICATION, DISTRIBUTION, ETC.
Place of publication, distribution, etc. New Delhi,
Name of publisher, distributor, etc. BERI. R,
Date of publication, distribution, etc. 2003.
300 ## - PHYSICAL DESCRIPTION
Extent xxiv, 1106p,; ill, figure & table
Other physical details Appendix & Index
Dimensions 24cm
942 ## - ADDED ENTRY ELEMENTS (KOHA)
Source of classification or shelving scheme Dewey Decimal Classification
Koha item type Books
Holdings
Date last seen Total checkouts Full call number Barcode Cost, replacement price Price effective from Koha item type Lost status Source of classification or shelving scheme Damaged status Not for loan Withdrawn status Home library Current library Shelving location Date acquired Cost, normal purchase price
06/24/2025   658.4034SHA DOM0001841 60000.00 06/24/2025 Books   Dewey Decimal Classification       CBE Dodoma CBE Dodoma Special Reserve Collection 02/08/2008 20000.00